|
|
|
|
| LEADER |
01076cam a2200253 a 4500 |
| 001 |
14061 |
| 003 |
BD-DhAAL |
| 008 |
110725s1956 ohuab d 000 0 eng |
| 010 |
|
|
|a 76024952
|
| 020 |
|
|
|a 0529053330 :
|c $4.95
|
| 040 |
|
|
|a DLC
|c DLC
|d DLC
|d BD-DhAAL
|
| 082 |
0 |
0 |
|a 423
|
| 245 |
0 |
0 |
|a Webster's New World dictionary of the American language /
|c David B. Guralnik, editor in chief.
|
| 250 |
|
|
|a Concise edition
|
| 260 |
|
|
|a Cleveland :
|b World Pub. Co.,
|c 1956.
|
| 300 |
|
|
|a xiii, 882 pages :
|b illustrations, maps (on lining papers) ;
|c 25 cm.
|
| 500 |
|
|
|a "Based upon and includes material from Webster's New World dictionary, second college edition."
|
| 541 |
|
|
|e 14061
|
| 650 |
|
0 |
|a English language
|x Dictionaries.
|
| 700 |
1 |
|
|a Guralnik, David Bernard,
|d 1920-
|9 55858
|
| 852 |
1 |
|
|a Ayesha Abed Library
|c Reference Section
|
| 942 |
|
|
|2 ddc
|c BK
|
| 999 |
|
|
|c 11144
|d 11144
|
| 952 |
|
|
|0 0
|1 0
|2 ddc
|4 0
|6 423_000000000000000_WEB
|7 0
|9 17615
|a BRACUL
|b BRACUL
|c REF
|d 2011-07-25
|l 1
|o 423 WEB
|p 3010014061
|r 2019-10-01
|s 2019-09-24
|t 1
|w 2011-07-25
|y BK
|x Price not available in register book.
|